Wszyscy żużlowcy z Słowenii w lidze Polskiej - Statystyki

Ogólne statystyki
  • Ten quiz został rozwiązany 17 razy
  • Średni wynik to 3 z 13
Statystyki odpowiedzi
Hint Odpowiedź % Poprawnych
2007-2023, 2025 Matej Žagar
100%
2018-2025 Matic Ivačič
64%
2023-2025 Anže Grmek
27%
1998-2002, 2007-2008 Izak Šantej
27%
1998, 2000-2011 Matej Ferjan
27%
2019, 2021-2022 Nick Škorja
27%
2009-2011 Aleksander Conda
18%
2001, 2006-2008 Jernej Kolenko
18%
1980 Kreso Omerzel
0%
2008-2009 Maks Gregorič
0%
2008-2010 Matija Duh
0%
2022 Miran Praznik
0%
2010 Samo Kukovica
0%
Nie znaleziono quizów pasujących do podanych kryteriów
Rozkład punktacji
Procent ludzi z każdym wynikiem
Percentyl według liczby udzielonych odpowiedzi
Twoja historia wyników
Nie rozwiązałeś tego quizu